Environmental science: a global concern (Record no. 42280)

MARC details
000 -LEADER
fixed length control field 00622nam a2200181 a 4500
008 - FIXED-LENGTH DATA ELEMENTS--GENERAL INFORMATION
fixed length control field 120416s1990 ||||||||||||||||| || u
020 ## - INTERNATIONAL STANDARD BOOK NUMBER
International Standard Book Number 069713802X
050 ## - LIBRARY OF CONGRESS CALL NUMBER
Classification number GE 105 Cun
100 ## - MAIN ENTRY--PERSONAL NAME
Personal name Cunningham, William P
245 10 - TITLE STATEMENT
Title Environmental science: a global concern
260 ## - PUBLICATION, DISTRIBUTION, ETC.
Place of publication, distribution, etc. Dubque, IA:
Name of publisher, distributor, etc. W C B
Date of publication, distribution, etc. 1990
300 ## - PHYSICAL DESCRIPTION
Extent xvii, 582p. : ill.
350 ## - PRICE (NR) (BK AM CF MU VM SE) [OBSOLETE]
Price 0.00
650 ## - SUBJECT ADDED ENTRY--TOPICAL TERM
Topical term or geographic name entry element ENVIRONMENT
650 ## - SUBJECT ADDED ENTRY--TOPICAL TERM
Topical term or geographic name entry element ENVIRONMENTAL SCIENCES
650 ## - SUBJECT ADDED ENTRY--TOPICAL TERM
Topical term or geographic name entry element GEOGRAPHY--ENVIRONMENTAL ASPECTS
995 ## - RECOMMENDATION 995 [LOCAL, UNIMARC FRANCE]
-- 0.00
-- CBU-MAIN LIBRARY (Kitwe)
-- 1
-- 37.40
-- 1
-- DAMAGED
-- Main Library Open Access Collection
Holdings
Withdrawn status Lost status Source of classification or shelving scheme Damaged status Not for loan Home library Current library Shelving location Date acquired Total Checkouts Full call number Barcode Date last seen Price effective from Koha item type
          CBU-MAIN LIBRARY, KITWE. CBU-MAIN LIBRARY, KITWE.   11/30/2022   GE 105 Cun 002237 11/30/2022 11/30/2022 MONOGRAPH